Writing urbanism : (Record no. 11507)
[ view plain ]
| 000 -LEADER | |
|---|---|
| fixed length control field | 01215cam a2200313 a 4500 |
| 001 - CONTROL NUMBER | |
| control field | 15081431 |
| 005 - DATE AND TIME OF LATEST TRANSACTION | |
| control field | 20161117133308.0 |
| 008 - FIXED-LENGTH DATA ELEMENTS--GENERAL INFORMATION | |
| fixed length control field | 071115s2008 enka b 001 0 eng |
| 010 ## - LIBRARY OF CONGRESS CONTROL NUMBER | |
| LC control number | 2007047375 |
| 020 ## - INTERNATIONAL STANDARD BOOK NUMBER | |
| International Standard Book Number | 9780415774390 (pbk.) |
| 035 ## - SYSTEM CONTROL NUMBER | |
| System control number | (OCoLC)ocn181730626 |
| 035 ## - SYSTEM CONTROL NUMBER | |
| System control number | (OCoLC)181730626 |
| Canceled/invalid control number | (OCoLC)166361345 |
| -- | (OCoLC)166382669 |
| 040 ## - CATALOGING SOURCE | |
| Original cataloging agency | DLC |
| Transcribing agency | DLC |
| Modifying agency | BAKER |
| -- | BTCTA |
| -- | YDXCP |
| -- | BWKUK |
| -- | BWK |
| -- | BWX |
| -- | CDX |
| -- | IXA |
| -- | DLC |
| 043 ## - GEOGRAPHIC AREA CODE | |
| Geographic area code | n-us--- |
| 050 00 - LIBRARY OF CONGRESS CALL NUMBER | |
| Classification number | NA9105 |
| Item number | .W75 2008 |
| 082 00 - DEWEY DECIMAL CLASSIFICATION NUMBER | |
| Classification number | 307.12160973 |
| Edition number | 22 |
| Item number | WRI |
| 245 00 - TITLE STATEMENT | |
| Title | Writing urbanism : |
| Remainder of title | a design reader / |
| Statement of responsibility, etc | edited by Douglas Kelbaugh and Kit Krankel McCullough. |
| 246 30 - VARYING FORM OF TITLE | |
| Title proper/short title | Design reader |
| 260 ## - PUBLICATION, DISTRIBUTION, ETC. (IMPRINT) | |
| Place of publication, distribution, etc | London ; |
| -- | New York : |
| Name of publisher, distributor, etc | Routledge, |
| Date of publication, distribution, etc | 2008. |
| 300 ## - PHYSICAL DESCRIPTION | |
| Extent | xxv, 397 p. : |
| Other physical details | ill. ; |
| Dimensions | 26 cm. |
| 440 #0 - | |
| -- | A.C.S.A. architectural education series |
| -- | 4627 |
| 504 ## - BIBLIOGRAPHY, ETC. NOTE | |
| Bibliography, etc | Includes bibliographical references and index. |
| 650 #0 - SUBJECT ADDED ENTRY--TOPICAL TERM | |
| 9 (RLIN) | 4628 |
| Topical term or geographic name as entry element | City planning |
| Geographic subdivision | United States |
| 700 1# - ADDED ENTRY--PERSONAL NAME | |
| Personal name | Kelbaugh, Doug. |
| 9 (RLIN) | 4629 |
| 700 1# - ADDED ENTRY--PERSONAL NAME | |
| Personal name | McCullough, Kit Krankel. |
| 9 (RLIN) | 4630 |
| 710 2# - ADDED ENTRY--CORPORATE NAME | |
| Corporate name or jurisdiction name as entry element | Association of Collegiate Schools of Architecture. |
| 9 (RLIN) | 4631 |
| 942 ## - ADDED ENTRY ELEMENTS (KOHA) | |
| Source of classification or shelving scheme | Dewey Decimal Classification |
| Item type | Book - Borrowing |
| Withdrawn status | Item status | Source of classification or shelving scheme | Damaged status | Not for loan | Vendor | Home library | Current library | Shelving location | Date acquired | Source of acquisition | Cost, normal purchase price | Serial Enumeration / chronology | Total Checkouts | Full call number | Barcode | Date last seen | Date last borrowed | Koha item type |
|---|---|---|---|---|---|---|---|---|---|---|---|---|---|---|---|---|---|---|
| Dewey Decimal Classification | Alahram | Central Library | Central Library | First floor | 10/05/2009 | 270.00 | 383 | 1 | 307.12160973 WRI | 000016295 | 15/07/2025 | 13/11/2011 | Book - Borrowing |